Obálka Náhled e-knihy:
PDF Epub
Pro půjčování e-knih musíte být přihlášeni.
Jak si půjčit online?

Roboti a impérium /

Od potupnej porážky pozemšťanom Eliášom Baleym uplynulo už dvesto rokov, no Keldon Amadiro ešte stále sníva o pomste. Teraz konečne prišla jeho chvíľa – spustil plán, ktorý môže úplne zničiť planétu Zem. Amadiro však nepočítal s tým, že Baleyho vplyv pretrvá ešte dlho po jeho smrti. Baleyho odkaz na...

Celý popis

Uloženo v:
Série:Robot, část 4
Hlavní autor: Asimov, Isaac (Autor)
Médium: E-kniha
Jazyk:Czech
Vydáno: Praha : Albatros Media Slovakia s.r.o., 2025
Příbuzné jednotky:Z cyklu:: Robot
Tagy:
Žádné tagy
LEADER 01580nam a22002417i 4500
001 302681
007 ta
008 260514s2025 xr ||||| |||| 00| 0 cze d
020 |a 9788056647165 
044 |a xr 
100 1 |a  Asimov, Isaac  |4 aut 
245 1 0 |a Roboti a impérium /  |c  Asimov, Isaac 
240 1 0 |a Robots and Empire 
264 1 |a Praha :  |b Albatros Media Slovakia s.r.o.,  |c 2025 
300 |a 1 online zdroj (504 stran) 
336 |a text  |b txt  |2 rdacontent 
337 |a bez média  |b n  |2 rdamedia 
338 |a online zdroj  |b cr  |2 rdacarrier 
520 2 |a Od potupnej porážky pozemšťanom Eliášom Baleym uplynulo už dvesto rokov, no Keldon Amadiro ešte stále sníva o pomste. Teraz konečne prišla jeho chvíľa – spustil plán, ktorý môže úplne zničiť planétu Zem. Amadiro však nepočítal s tým, že Baleyho vplyv pretrvá ešte dlho po jeho smrti. Baleyho odkaz naďalej vedie robotov R. Daneela Olivawa a R. Giskarda Reventlova – jediných, ktorí môžu Zem zachrániť. Lenže Amadiro má jednu výhodu: Daneela a Giskarda viažu tri zákony robotiky. Je to však naozaj tak? 
787 0 8 |g 4  |i Z cyklu:  |t Robot 
910 |a RBIT002 
998 |d 426935  |a https://core.palmknihy.cz/api/books/426935/cover?tesght  |b https://core.palmknihy.cz/api/books/426935/cover/400?tesght  |c https://core.palmknihy.cz/api/books/426935/cover/50?tesght  |e 2030-09-20  |g 504  |i 9788056647165  |j https://core.palmknihy.cz/api/books/426935/preview.epub  |k https://core.palmknihy.cz/api/books/426935/preview.pdf  |l   |q 49  |r 1  |s https://www.palmknihy.cz/kniha/426935  |t ebook  |y 2025  |z 1  |v Robot  |w 4 
999 |d 302679